Sociálne služby po novom

Oblasť sociálnych služieb upravuje zákon č. 448/2008 Z.z. o sociálnych službách a o zmene a doplnení zákona č. 455/1991 Zb. o živnostenskom podnikaní v znení neskorších predpisov. Novela zákona o sociálnych službách č. 40/2017 Z.z., zmeny platné od marca 2017. Národné priority rozvoja sociálnych slu...

Description complète

Enregistré dans:
Détails bibliographiques
Auteur principal: Matulková, Mariana
Format: Chapitre de livre
Langue:slovaque
Sujets:
Tags: Ajouter un tag
Pas de tags, Soyez le premier à ajouter un tag!

MARC

LEADER 00000naa a2200000 4500
001 0229220
005 20170410130333.3
041 0 |a slo 
044 |a SK 
245 1 0 |a Sociálne služby po novom  |c Mariana Matulková 
520 |a Oblasť sociálnych služieb upravuje zákon č. 448/2008 Z.z. o sociálnych službách a o zmene a doplnení zákona č. 455/1991 Zb. o živnostenskom podnikaní v znení neskorších predpisov. Novela zákona o sociálnych službách č. 40/2017 Z.z., zmeny platné od marca 2017. Národné priority rozvoja sociálnych služieb. SWOT analýza situácie v sociálnych službách ako základ pre formulovanie národných priorít. 
610 2 0 |a služby sociálne 
610 2 0 |a zákony 
610 2 0 |a novelizácia 
610 2 0 |a Slovensko 
100 1 |a Matulková, Mariana